Statistics for Jordan general quiz

Click here to take the quiz!

General Stats

  • This quiz has been taken 12 times
  • The average score is 8 of 15

Answer Stats

QuestionAnswer% Correct
Capital of Jordan is:Amman
89%
Jordanian port city:Aqaba
67%
Who is Wasfi al-Tal?Former Prime minister
67%
A Town with a Christian majorityFuheis
67%
The king who ruled Jordan from 1952 to 1999Hussein
56%
The Prime Minister of Jordan at the beginning of the Covid 19 pandemic:Omar Al Razzaz
56%
The famous mountains in northern JordanAjloun
44%
Jordanian 2nd most populated Governorate is:Irbid
44%
A city with a famous Crusader castleKarak
44%
Biggest Jordanian Governorate by AreaMa'an
44%
Jordan flag has:Seven-point star
44%
Jordanian most famous University isUniversity of Jordan
44%
When did Jordan become independent?25 May 1946
33%
The Old Airport in the Capital:Marka Airport
33%
Where is the only oil refinery (مصفاة بترول) located in Jordan?Zarqa
33%

Score Distribution

Percentile by Number Answered

Percent of People with Each Score

Your Score History

You have not taken this quiz